[Event "46th Capablanca Memorial Premier"]
[Site "Havana CUB"]
[Date "2011.05.11"]
[Round "1"]
[White "Quesada Perez, Yuniesky"]
[Black "Ortiz Suarez, Isan Reynaldo"]
[Result "1-0"]
[WhiteTitle "GM"]
[BlackTitle "IM"]
[WhiteElo "2626"]
[BlackElo "2569"]
[WhiteFideId "3504409"]
[BlackFideId "3507165"]
[EventDate "2011.05.11"]

1. c4 c5 2. Nf3 Nc6 3. d4 cxd4 4. Nxd4 e6 5. g3 Qb6 6. Nb3 Ne5 7. e4 Nf6 8. Nc3
Bb4 9. Qe2 Qc6 10. Bd2 d6 11. f4 Ned7 12. Bg2 e5 13. Nb5 Bc5 14. Nxc5 Nxc5 15.
Nc3 Na4 16. Nxa4 Qxa4 17. O-O Qc6 18. Kh1 b6 19. Bb4 Ba6 20. b3 O-O-O 21. Rad1
Bb7 22. Rfe1 h5 23. fxe5 dxe5 24. Qf1 Qe6 25. Rd5 Kb8 26. Bc3 Nxd5 27. exd5 Qg4
28. Bxe5+ Ka8 29. h3 Qd7 30. Bxg7 Rhg8 31. Be5 Rdf8 32. Kh2 Rg5 33. Bf4 Rgg8 34.
Re2 b5 35. Rd2 Rc8 36. Qd3 h4 37. g4 bxc4 38. bxc4 Rc5 39. Rb2 Rgc8 40. Rb4 a5
41. Qa3 Qd8 42. Ra4 Ba6 43. Be3 Qb6 44. d6+ Bb7 45. d7 Qd6+ 46. Kg1 Qd1+ 47. Bf1 1-0

[Event "46th Capablanca Memorial Premier"]
[Site "Havana CUB"]
[Date "2011.05.11"]
[Round "1"]
[White "Espinosa Veloz, Ermes"]
[Black "Leon Hoyos, Manuel"]
[Result "1/2-1/2"]
[WhiteTitle "FM"]
[BlackTitle "GM"]
[WhiteElo "2467"]
[BlackElo "2563"]
[WhiteFideId "3507424"]
[BlackFideId "5105269"]
[EventDate "2011.05.11"]

1. e4 c5 2. Nf3 Nc6 3. d4 cxd4 4. Nxd4 g6 5. Nc3 Bg7 6. Be3 Nf6 7. Bc4 O-O 8.
Bb3 d6 9. f3 Bd7 10. Qd2 Nxd4 11. Bxd4 b5 12. a4 bxa4 13. Bxa4 Rb8 14. Bxd7 Nxd7
15. b3 Bxd4 16. Qxd4 a5 17. Nd5 e6 18. Ne3 Ne5 19. O-O Rb4 20. Qd2 f5 21. f4 Nc6
22. exf5 gxf5 23. Nc4 d5 24. Nxa5 Qb6+ 25. Qf2 Qxf2+ 26. Rxf2 Ra8 27. c3 Rb5 28.
b4 Nxa5 29. Rfa2 d4 30. cxd4 Rxb4 31. Rxa5 1/2-1/2

[Event "46th Capablanca Memorial Premier"]
[Site "Havana CUB"]
[Date "2011.05.11"]
[Round "1"]
[White "Corrales Jimenez, Fidel"]
[Black "Vocaturo, Daniele"]
[Result "1/2-1/2"]
[WhiteTitle "GM"]
[BlackTitle "GM"]
[WhiteElo "2586"]
[BlackElo "2540"]
[WhiteFideId "3506690"]
[BlackFideId "813192"]
[EventDate "2011.05.11"]

1. e4 e5 2. Nf3 Nc6 3. Bb5 a6 4. Ba4 Nf6 5. O-O Nxe4 6. d4 b5 7. Bb3 d5 8. dxe5
Be6 9. Nbd2 Be7 10. c3 Nc5 11. Bc2 Bg4 12. Re1 O-O 13. Nb3 Ne6 14. Qd3 g6 15.
Bh6 Re8 16. Qe3 Rc8 17. h3 Bxf3 18. Qxf3 Bf8 19. Bxf8 Rxf8 20. Re3 Ne7 21. Rd1
c5 22. h4 Rc7 23. h5 d4 24. Ree1 Rd7 25. cxd4 cxd4 26. h6 Rd5 27. Nd2 Ng5 28.
Qg4 Rc5 29. Qxg5 Rxc2 30. Ne4 Rc6 31. g4 Re6 32. Nc5 Rc6 33. Ne4 Re6 34. Nc5 Rc6
35. b4 a5 36. a3 axb4 37. axb4 Rb6 38. Ne4 Re6 39. Nc5 Rb6 40. Qf4 Nc6 41. Ne4
Kh8 42. Nf6 Rb7 43. Qf3 Rc7 44. Qe4 Qc8 45. Nd5 Ra7 46. e6 Qxe6 47. Qxe6 fxe6
48. Rxe6 Nd8 49. Rf6 Rxf6 50. Nxf6 Nf7 51. g5 Nxg5 52. Rc1 Ra8 53. Rc7 d3 54.
Rd7 d2 55. Kg2 Rf8 56. Rxd2 Ne6 57. Ng4 Kg8 58. Rd6 Nf4+ 59. Kf1 Nh5 60. Rd7 Rf7
61. Rd8+ Rf8 62. Rd7 Rf7 63. Rd6 Rf5 64. Rb6 Ng3+ 65. Kg2 Ne4 66. Rb7 Ng5 67.
Rg7+ Kf8 68. Ne3 Rf4 69. Nd5 Rf7 70. f4 Rf5 71. fxg5 Rxd5 1/2-1/2

[Event "46th Capablanca Memorial Premier"]
[Site "Havana CUB"]
[Date "2011.05.11"]
[Round "1"]
[White "Almeida Quintana, Omar"]
[Black "Bluvshtein, Mark"]
[Result "0-1"]
[WhiteTitle "GM"]
[BlackTitle "GM"]
[WhiteElo "2555"]
[BlackElo "2589"]
[WhiteFideId "3503313"]
[BlackFideId "2603608"]
[EventDate "2011.05.11"]

1. d4 Nf6 2. c4 e6 3. Nc3 Bb4 4. Bg5 c5 5. d5 h6 6. Bh4 d6 7. e3 Bxc3+ 8. bxc3
Qe7 9. Nf3 g5 10. Bg3 e5 11. Nd2 Nbd7 12. h4 Rg8 13. hxg5 hxg5 14. Qc2 Kd8 15.
Bd3 Kc7 16. O-O-O b6 17. f3 Bb7 18. Bf5 Rh8 19. Bf2 Rag8 20. g4 Qe8 21. e4 Rxh1
22. Rxh1 Rh8 23. Qd1 Qg8 24. Be3 Rxh1 25. Qxh1 Qg7 26. Kb2 Ba6 27. Kb3 b5 28.
cxb5 Bxb5 29. c4 Ba6 30. Qc1 Nb8 31. Nb1 Nfd7 32. Bxg5 Nb6 33. Na3 Qh8 34. Nb5+
Bxb5 35. cxb5 Qh3 36. Qd1 Qg2 37. Bd2 Qf2 38. Bc3 c4+ 39. Ka3 Qc5+ 40. Kb2 Qxb5+
41. Kc1 Na4 42. Qd2 Na6 43. f4 Nxc3 44. Qxc3 Nb4 45. Kd2 Nxa2 46. Qa3 c3+ 47.
Kc2 Nb4+ 48. Kxc3 Qc5+ 49. Kb3 a5 50. Qb2 exf4 51. e5 Qxd5+ 52. Ka4 dxe5 0-1

[Event "46th Capablanca Memorial Premier"]
[Site "Havana CUB"]
[Date "2011.05.11"]
[Round "1"]
[White "Cordova, Emilio"]
[Black "Alvarez Pedraza, Aramis"]
[Result "1/2-1/2"]
[WhiteTitle "GM"]
[BlackTitle "GM"]
[WhiteElo "2561"]
[BlackElo "2538"]
[WhiteFideId "3801497"]
[BlackFideId "3507408"]
[EventDate "2011.05.11"]

1. d4 Nf6 2. c4 e6 3. Nc3 Bb4 4. a3 Bxc3+ 5. bxc3 b6 6. e4 Nxe4 7. Qg4 Bb7 8.
Qxg7 Qf6 9. Qxf6 Nxf6 10. f3 Rg8 11. Nh3 d6 12. a4 Nbd7 13. Bg5 c5 14. Kf2 d5
15. a5 Rc8 16. axb6 axb6 17. Ra7 Bc6 18. cxd5 Nxd5 19. c4 Nb4 20. d5 Ra8 21.
dxc6 Rxa7 22. cxd7+ Kxd7 23. Be2 Ra2 24. Rd1+ Kc6 25. f4 Rga8 26. Bf6 R8a3 27.
Ng5 Rd3 28. Rxd3 Nxd3+ 29. Ke3 Ne1 30. g3 Nc2+ 31. Ke4 Ra3 32. Bd3 Nb4 33. Bf1
Nc2 34. Bd3 Nb4 35. Bf1 Nc2 36. f5 exf5+ 37. Kf4 Nd4 38. Bxd4 cxd4 39. Nxf7 Ra2
40. Ne5+ Kd6 41. Nf3 Kc5 42. Bd3 Rf2 43. g4 fxg4 44. Kxg4 h6 45. Kg3 Ra2 46. Kf4
Kb4 47. Ke4 Kc3 48. Nxd4 Rxh2 49. Ne2+ Kd2 50. Nf4 Rh1 51. Ke5 Kc3 52. Be4 Re1
53. Nd5+ Kxc4 1/2-1/2

[Event "46th Capablanca Memorial Premier"]
[Site "Havana CUB"]
[Date "2011.05.12"]
[Round "2"]
[White "Ortiz Suarez, Isan Reynaldo"]
[Black "Alvarez Pedraza, Aramis"]
[Result "1/2-1/2"]
[WhiteTitle "IM"]
[BlackTitle "GM"]
[WhiteElo "2569"]
[BlackElo "2538"]
[WhiteFideId "3507165"]
[BlackFideId "3507408"]
[EventDate "2011.05.11"]

1. d4 d5 2. c4 c6 3. Nf3 Nf6 4. e3 Bg4 5. h3 Bxf3 6. Qxf3 e6 7. Bd3 Nbd7 8. Nc3
Bb4 9. Bd2 O-O 10. a3 Ba5 11. b4 Bc7 12. O-O Re8 13. Rfd1 e5 14. cxd5 cxd5 15.
Bf1 e4 16. Qe2 Nf8 17. Be1 Ne6 18. g3 Ng5 19. Bg2 Qd7 20. h4 Nf3+ 21. Bxf3 exf3
22. Qxf3 Re7 23. Rac1 Rae8 24. Rc2 Bb8 25. Rdc1 h6 26. a4 Kh7 27. b5 Ne4 28.
Nxe4 Rxe4 29. Ba5 b6 30. Bb4 Bxg3 31. fxg3 Rxe3 32. Qf2 Qg4 33. Bd6 Rf3 34. Qg2
Re6 35. Bb8 Re8 36. Bc7 Qxd4+ 37. Kh2 Ree3 38. Rf1 Rxf1 39. Qxf1 Qe4 40. Rd2 d4
41. Qg2 Qe7 42. Bf4 Re4 43. Qf3 f5 44. h5 Qb4 45. Rf2 Qxa4 46. Qd3 Qa1 47. Qc4
Qd1 48. Qf7 Qg4 49. Kg2 d3 50. Qd7 1/2-1/2

[Event "46th Capablanca Memorial Premier"]
[Site "Havana CUB"]
[Date "2011.05.12"]
[Round "2"]
[White "Bluvshtein, Mark"]
[Black "Cordova, Emilio"]
[Result "1/2-1/2"]
[WhiteTitle "GM"]
[BlackTitle "GM"]
[WhiteElo "2589"]
[BlackElo "2561"]
[WhiteFideId "2603608"]
[BlackFideId "3801497"]
[EventDate "2011.05.11"]

1. d4 Nf6 2. c4 c5 3. d5 b5 4. cxb5 a6 5. bxa6 g6 6. Nc3 Bxa6 7. Nf3 d6 8. e4
Bxf1 9. Kxf1 Bg7 10. g3 O-O 11. Kg2 Nbd7 12. h3 Ra6 13. Qc2 Qa8 14. Rd1 Ne8 15.
Bg5 f6 16. Be3 Nc7 17. Rab1 f5 18. Kg1 Bxc3 19. Qxc3 fxe4 20. Ng5 Rf5 21. b4
Nxd5 22. Qc4 e6 23. Qxe4 Nxe3 24. Qxe6+ Kh8 25. Qxe3 Ne5 26. Ne4 Rf3 27. Qe2
Rxa2 28. Rd2 Rxd2 29. Nxd2 Rd3 30. Qe4 Qxe4 31. Nxe4 Rd4 32. Ng5 Rxb4 33. Rd1 h6
34. f4 hxg5 35. fxe5 dxe5 36. Rd5 Re4 37. Rxc5 Kg7 38. Kf2 g4 39. hxg4 Kf6 40.
Rc6+ Kg5 1/2-1/2

[Event "46th Capablanca Memorial Premier"]
[Site "Havana CUB"]
[Date "2011.05.12"]
[Round "2"]
[White "Vocaturo, Daniele"]
[Black "Almeida Quintana, Omar"]
[Result "0-1"]
[WhiteTitle "GM"]
[BlackTitle "GM"]
[WhiteElo "2540"]
[BlackElo "2555"]
[WhiteFideId "813192"]
[BlackFideId "3503313"]
[EventDate "2011.05.11"]

1. e4 g6 2. d4 Bg7 3. Nc3 d6 4. Be3 a6 5. Nf3 Nf6 6. Bd3 Bg4 7. h3 Bxf3 8. Qxf3
Nc6 9. O-O-O Nd7 10. Bc4 e6 11. h4 h5 12. Qg3 Ne7 13. f4 d5 14. Bb3 Nf6 15. f5
Nxe4 16. Nxe4 Nxf5 17. Qe1 dxe4 18. Bf4 Nxd4 19. Ba4+ b5 20. Qxe4 Qd5 21. Qxd5
exd5 22. Rhe1+ Kd7 23. Be5 Bxe5 24. Rxe5 Kd6 25. Ree1 Nf5 0-1

[Event "46th Capablanca Memorial Premier"]
[Site "Havana CUB"]
[Date "2011.05.12"]
[Round "2"]
[White "Quesada Perez, Yuniesky"]
[Black "Espinosa Veloz, Ermes"]
[Result "0-1"]
[WhiteTitle "GM"]
[BlackTitle "FM"]
[WhiteElo "2626"]
[BlackElo "2467"]
[WhiteFideId "3504409"]
[BlackFideId "3507424"]
[EventDate "2011.05.11"]

1. e4 e5 2. Nf3 Nc6 3. Bb5 a6 4. Ba4 Nf6 5. O-O Be7 6. Re1 b5 7. Bb3 d6 8. c3
O-O 9. h3 Bb7 10. d4 Re8 11. Nbd2 Bf8 12. a3 h6 13. Bc2 Nb8 14. b4 Nbd7 15. Bb2
g6 16. Qb1 Rb8 17. a4 c5 18. axb5 axb5 19. bxc5 dxc5 20. d5 c4 21. Ba3 Qb6 22.
Qb2 Nh5 23. Reb1 Bc8 24. Bxf8 Rxf8 25. Qa3 Nf4 26. Kf1 Qf6 27. Qa5 Rb6 28. Qb4
g5 29. Ra7 h5 30. Rxd7 Bxd7 31. Nxc4 Nxg2 32. Nfxe5 Bxh3 33. Nxb6 Qxe5 34. Qd4
Qf4 35. Qd3 Qg4 36. Qg3 Nf4+ 0-1

[Event "46th Capablanca Memorial Premier"]
[Site "Havana CUB"]
[Date "2011.05.13"]
[Round "3"]
[White "Espinosa Veloz, Ermes"]
[Black "Ortiz Suarez, Isan Reynaldo"]
[Result "1/2-1/2"]
[WhiteTitle "FM"]
[BlackTitle "IM"]
[WhiteElo "2467"]
[BlackElo "2569"]
[WhiteFideId "3507424"]
[BlackFideId "3507165"]
[EventDate "2011.05.11"]

1. e4 c5 2. Nf3 d6 3. d4 cxd4 4. Nxd4 Nf6 5. Nc3 a6 6. f3 e6 7. Be3 b5 8. Qd2 b4
9. Nce2 e5 10. Nb3 Nc6 11. g4 h6 12. Ng3 Be6 13. O-O-O d5 14. exd5 Nxd5 15. Bc4
Nxe3 16. Qxe3 Qg5 17. Qxg5 hxg5 18. Bxe6 fxe6 19. Ne4 Be7 20. Nd6+ Kf8 21. Nc5
Nd4 22. Nd7+ Kg8 23. Nc4 Nxf3 24. Ndxe5 Nxe5 25. Nxe5 Bf6 26. Nc6 a5 27. Rhe1
Rxh2 28. Rxe6 Rf2 29. Re4 Rf4 30. Rxf4 gxf4 31. Rd5 f3 32. Rf5 Ra6 33. g5 Bxg5+
34. Rxg5 Rxc6 35. Rf5 Rf6 36. Rxf6 gxf6 37. Kd2 Kf7 38. Ke3 Ke6 39. Kxf3 Kd5 40.
Kf4 a4 41. Kf5 a3 42. bxa3 bxa3 43. Kxf6 Kd4 44. c4 Kxc4 45. Ke5 Kd3 46. Kd5 Kc3
47. Ke4 1/2-1/2

[Event "46th Capablanca Memorial Premier"]
[Site "Havana CUB"]
[Date "2011.05.13"]
[Round "3"]
[White "Corrales Jimenez, Fidel"]
[Black "Quesada Perez, Yuniesky"]
[Result "0-1"]
[WhiteTitle "GM"]
[BlackTitle "GM"]
[WhiteElo "2586"]
[BlackElo "2626"]
[WhiteFideId "3506690"]
[BlackFideId "3504409"]
[EventDate "2011.05.11"]

1. e4 c5 2. Nf3 Nc6 3. d4 cxd4 4. Nxd4 Qc7 5. Nc3 e6 6. Be2 a6 7. O-O Nf6 8. Be3
Be7 9. f4 d6 10. Kh1 O-O 11. Qe1 Nxd4 12. Bxd4 b5 13. a3 Nd7 14. Rd1 Bb7 15. f5
e5 16. Be3 Rac8 17. Qg3 Kh8 18. Rd3 Nf6 19. Bf3 a5 20. Rd2 b4 21. axb4 Qc4 22.
Rb1 axb4 23. Nd5 Bxd5 24. exd5 Ra8 25. Qe1 Ra5 26. g4 b3 27. cxb3 Qxb3 28. Rbd1
e4 29. Rd3 exd3 30. Qxa5 Nd7 31. Bd4 Bf6 32. Qc3 Qa4 33. Qxd3 Ne5 34. b3 Qb4 35.
Qe3 h6 36. h3 Rb8 37. Bg2 Rc8 38. Ba1 Rc2 39. Bd4 Qb5 40. Ba1 Re2 41. Qg3 Qc5
42. Re1 Rd2 43. Bxe5 Bxe5 44. Qf3 Qd4 45. g5 Rd3 46. Qg4 Qc3 47. Rg1 Rg3 48. Qh5
Rxg5 49. Qf3 Qb2 50. f6 g6 51. Qe3 Bxf6 52. Qf4 Kg7 53. Qf3 Be5 54. Rf1 Rf5 55.
Qd3 Rxf1+ 56. Qxf1 Qxb3 57. Bf3 Qc2 58. Qe2 Qc1+ 59. Qd1 Qf4 60. Qe2 Qg3 61. Qg2
Qf4 62. Qe2 h5 63. Qg2 Kh6 64. Be4 f5 65. Bf3 g5 66. Bd1 g4 67. hxg4 hxg4 68.
Qe2 Kg5 69. Bc2 Qg3 70. Qd2+ Bf4 71. Qg2 Qe1+ 0-1

[Event "46th Capablanca Memorial Premier"]
[Site "Havana CUB"]
[Date "2011.05.13"]
[Round "3"]
[White "Almeida Quintana, Omar"]
[Black "Leon Hoyos, Manuel"]
[Result "0-1"]
[WhiteTitle "GM"]
[BlackTitle "GM"]
[WhiteElo "2555"]
[BlackElo "2563"]
[WhiteFideId "3503313"]
[BlackFideId "5105269"]
[EventDate "2011.05.11"]

1. d4 Nf6 2. c4 c5 3. d5 b5 4. cxb5 a6 5. e3 Bb7 6. Nc3 Qa5 7. Bd2 axb5 8. Bxb5
Qb6 9. Qb3 e6 10. e4 Nxe4 11. Nxe4 Bxd5 12. Qd3 f5 13. Ng3 Bxg2 14. N1e2 Bxh1
15. Nxh1 Be7 16. Bc3 O-O 17. Bxd7 Rd8 18. Qg3 Bf8 19. Nf4 Rxd7 20. Qe3 Re7 21.
a3 Nc6 22. O-O-O Nd4 23. Ng3 Rd8 24. Nd3 Red7 25. Nh5 c4 0-1

[Event "46th Capablanca Memorial Premier"]
[Site "Havana CUB"]
[Date "2011.05.13"]
[Round "3"]
[White "Cordova, Emilio"]
[Black "Vocaturo, Daniele"]
[Result "1/2-1/2"]
[WhiteTitle "GM"]
[BlackTitle "GM"]
[WhiteElo "2561"]
[BlackElo "2540"]
[WhiteFideId "3801497"]
[BlackFideId "813192"]
[EventDate "2011.05.11"]

1. d4 Nf6 2. Nf3 e6 3. e3 c5 4. c4 b6 5. Nc3 Be7 6. d5 d6 7. Be2 O-O 8. O-O e5
9. e4 Ne8 10. Ne1 Bg5 11. Nd3 Nd7 12. a4 a5 13. Bg4 Bxc1 14. Qxc1 Nef6 15. Bf5
Qe7 16. Qe3 g6 17. Bh3 Nh5 18. Qh6 Ba6 19. b3 Ndf6 20. Rae1 Rae8 21. Qe3 Qd8 22.
g3 Bc8 23. Bxc8 Qxc8 24. Nb5 Qd7 25. Qd2 Re7 26. f3 Kh8 27. Qb2 g5 28. Nf2 Rg8
29. Ng4 Rg6 30. Ne3 Ng8 31. Nf5 Re8 32. Qg2 Ne7 33. Qh3 Ng7 34. g4 Rf6 35. Kh1
Qd8 36. Rg1 Rg8 37. Nh6 Rf8 38. Nf5 Rg8 39. Nh6 Rf8 40. Nf5 1/2-1/2

[Event "46th Capablanca Memorial Premier"]
[Site "Havana CUB"]
[Date "2011.05.13"]
[Round "3"]
[White "Alvarez Pedraza, Aramis"]
[Black "Bluvshtein, Mark"]
[Result "0-1"]
[WhiteTitle "GM"]
[BlackTitle "GM"]
[WhiteElo "2538"]
[BlackElo "2589"]
[WhiteFideId "3507408"]
[BlackFideId "2603608"]
[EventDate "2011.05.11"]

1. d4 Nf6 2. c4 e6 3. Nc3 c5 4. d5 exd5 5. cxd5 d6 6. Nf3 g6 7. Bf4 Bg7 8. Qa4+
Bd7 9. Qb3 Qc7 10. e4 Nh5 11. Be3 O-O 12. Be2 a6 13. a4 Bg4 14. e5 dxe5 15. d6
Qxd6 16. Rd1 Be6 17. Bc4 Bxc4 18. Qxc4 Qc6 19. Nd5 Kh8 20. Ng5 h6 21. Ne4 Nd7
22. O-O Rae8 23. Ndc3 Re6 24. Rd2 f5 25. Rxd7 Qxd7 26. Nxc5 Rc6 27. Nxd7 Rxc4
28. Nxf8 Bxf8 29. Rd1 Nf6 30. Rd8 Kg7 31. Rb8 Rc7 32. f4 Bd6 33. Rd8 Rd7 34.
Rxd7+ Nxd7 35. g3 exf4 36. gxf4 Nc5 37. Kg2 Nd3 38. Ne2 Kf6 39. Bd4+ Ke6 40. Kf3
Kd5 41. Bg7 h5 42. b3 Nc5 43. Nd4 Ne4 44. Ke3 Bc5 45. Kd3 Nf2+ 46. Kc3 Nh3 47.
Ne2 Be3 48. Bh6 Ke4 49. Kc4 Bxf4 50. Nxf4 Nxf4 51. Kc5 Ne6+ 52. Kd6 f4 0-1

[Event "46th Capablanca Memorial Premier"]
[Site "Havana CUB"]
[Date "2011.05.14"]
[Round "4"]
[White "Ortiz Suarez, Isan Reynaldo"]
[Black "Bluvshtein, Mark"]
[Result "1/2-1/2"]
[WhiteTitle "IM"]
[BlackTitle "GM"]
[WhiteElo "2569"]
[BlackElo "2589"]
[WhiteFideId "3507165"]
[BlackFideId "2603608"]
[EventDate "2011.05.11"]

1. e4 e5 2. Nf3 Nc6 3. Bb5 Nf6 4. Qe2 a6 5. Ba4 Be7 6. c3 b5 7. Bb3 O-O 8. d3 d6
9. Nbd2 Na5 10. Bc2 c5 11. h3 Nc6 12. Nf1 d5 13. Ng3 dxe4 14. dxe4 Be6 15. Nf5
Bc4 16. Qe3 Nh5 17. Nd2 Nf4 18. Qg3 Bf6 19. Nxc4 bxc4 20. Ne3 Nd3+ 21. Ke2 Nf4+
22. Kf1 Na5 23. Ng4 Rb8 24. Rb1 Qd6 25. Be3 Rfd8 26. Qf3 Nd3 27. b3 Be7 28. g3
Qe6 29. Ke2 cxb3 30. axb3 c4 31. b4 Nb7 32. Bd2 Nd6 33. Ne3 Nb5 34. Nd5 f5 35.
Qxf5 Qd6 36. Bxd3 cxd3+ 37. Kf1 Rf8 38. Qg4 Na3 39. Rd1 Rb5 40. Ne3 Qf6 41. Rh2
a5 42. Bc1 axb4 43. cxb4 Nc2 44. Nd5 Qd6 45. Rxd3 Nxb4 46. Nxe7+ Qxe7 47. Rd7
Qf6 48. Bg5 Qa6 49. Kg2 Nc2 50. h4 Ne1+ 51. Kh3 Rb7 52. Rh1 Nd3 53. Be3 Rxd7 54.
Qxd7 Nxf2+ 55. Bxf2 Rxf2 56. Rc1 h6 57. h5 Rf8 58. Qd5+ Kh7 59. Qxe5 Qe2 60. Rc7 1/2-1/2

[Event "46th Capablanca Memorial Premier"]
[Site "Havana CUB"]
[Date "2011.05.14"]
[Round "4"]
[White "Vocaturo, Daniele"]
[Black "Alvarez Pedraza, Aramis"]
[Result "0-1"]
[WhiteTitle "GM"]
[BlackTitle "GM"]
[WhiteElo "2540"]
[BlackElo "2538"]
[WhiteFideId "813192"]
[BlackFideId "3507408"]
[EventDate "2011.05.11"]

1. e4 c5 2. Nf3 e6 3. d4 cxd4 4. Nxd4 a6 5. Nc3 b5 6. Bd3 Qb6 7. Nf3 Qc7 8. O-O
Bb7 9. Re1 Be7 10. e5 f5 11. Bf4 Nh6 12. Bxh6 gxh6 13. Nh4 Rg8 14. Qh5+ Kd8 15.
Qxh6 Qc6 16. Bf1 Rg4 17. Qxh7 Bxh4 18. f3 Bxe1 19. fxg4 Qc5+ 20. Kh1 Qf2 0-1

[Event "46th Capablanca Memorial Premier"]
[Site "Havana CUB"]
[Date "2011.05.14"]
[Round "4"]
[White "Leon Hoyos, Manuel"]
[Black "Cordova, Emilio"]
[Result "0-1"]
[WhiteTitle "GM"]
[BlackTitle "GM"]
[WhiteElo "2563"]
[BlackElo "2561"]
[WhiteFideId "5105269"]
[BlackFideId "3801497"]
[EventDate "2011.05.11"]

1. g3 e5 2. c4 Bc5 3. Nc3 d6 4. Bg2 Nc6 5. e3 Bf5 6. a3 a5 7. Nge2 Nge7 8. d4
Bb6 9. Nd5 Nxd5 10. cxd5 Ne7 11. b3 Qd7 12. h3 O-O 13. Bb2 f6 14. e4 Bg6 15. O-O
Rad8 16. Kh2 c6 17. dxc6 bxc6 18. b4 Qa7 19. Qb3+ Bf7 20. Qc3 Qa6 21. Rfe1 Bc4
22. Bf1 d5 23. exd5 cxd5 24. Qc2 Nc6 25. Qa4 Rc8 26. Kg2 Qb7 27. Rac1 axb4 28.
axb4 Ra8 29. Qd1 Nxb4 30. Ng1 Bxf1+ 31. Rxf1 e4 32. Qb3 Nd3 33. Rc5 Qf7 34. Rb5
Bc7 35. Ra1 Rxa1 36. Bxa1 Rd8 37. Ne2 Qh5 38. g4 Qh4 39. Ng3 Nf4+ 40. Kf1 Qxh3+
41. Ke1 Nd3+ 42. Kd2 Qh6+ 0-1

[Event "46th Capablanca Memorial Premier"]
[Site "Havana CUB"]
[Date "2011.05.14"]
[Round "4"]
[White "Quesada Perez, Yuniesky"]
[Black "Almeida Quintana, Omar"]
[Result "1/2-1/2"]
[WhiteTitle "GM"]
[BlackTitle "GM"]
[WhiteElo "2626"]
[BlackElo "2555"]
[WhiteFideId "3504409"]
[BlackFideId "3503313"]
[EventDate "2011.05.11"]

1. c4 Nf6 2. g3 g6 3. Bg2 Bg7 4. Nc3 O-O 5. Nf3 d6 6. O-O Nc6 7. d3 e5 8. Rb1 a5
9. a3 h6 10. b4 axb4 11. axb4 Be6 12. b5 Ne7 13. Bd2 1/2-1/2

[Event "46th Capablanca Memorial Premier"]
[Site "Havana CUB"]
[Date "2011.05.14"]
[Round "4"]
[White "Espinosa Veloz, Ermes"]
[Black "Corrales Jimenez, Fidel"]
[Result "0-1"]
[WhiteTitle "FM"]
[BlackTitle "GM"]
[WhiteElo "2467"]
[BlackElo "2586"]
[WhiteFideId "3507424"]
[BlackFideId "3506690"]
[EventDate "2011.05.11"]

1. e4 c5 2. Nf3 d6 3. d4 cxd4 4. Nxd4 Nf6 5. Nc3 a6 6. f3 e6 7. Be3 Be7 8. Qd2
Nc6 9. O-O-O O-O 10. g4 Qc7 11. h4 Nxd4 12. Qxd4 b5 13. h5 Rb8 14. g5 Ne8 15. f4
b4 16. Na4 e5 17. Qc4 exf4 18. Bxf4 Qa5 19. b3 Bxg5 20. Bxg5 Qxg5+ 21. Kb1 h6
22. Be2 Qe5 23. Rhg1 a5 24. Nb6 Nf6 25. Nd5 Bb7 26. Nxf6+ Qxf6 27. Rg4 Rbc8 28.
Qd3 Rc5 29. Rf1 Qe7 30. Rfg1 Rg5 31. Rxg5 hxg5 32. Bf3 Rc8 33. Rd1 Rc3 34. Qe2
Qe5 35. Bg2 Bc6 36. Rf1 a4 37. Qf2 f6 38. bxa4 Bxa4 39. Rc1 Bb5 40. Qb6 Ra3 41.
Bf1 Qe6 0-1

[Event "46th Capablanca Memorial Premier"]
[Site "Havana CUB"]
[Date "2011.05.15"]
[Round "5"]
[White "Corrales Jimenez, Fidel"]
[Black "Ortiz Suarez, Isan Reynaldo"]
[Result "1/2-1/2"]
[WhiteTitle "GM"]
[BlackTitle "IM"]
[WhiteElo "2586"]
[BlackElo "2569"]
[WhiteFideId "3506690"]
[BlackFideId "3507165"]
[EventDate "2011.05.11"]

1. e4 c5 2. Nf3 d6 3. d4 cxd4 4. Nxd4 Nf6 5. Nc3 a6 6. Bg5 Nbd7 7. Qe2 Qc7 8.
O-O-O e6 9. f4 b5 10. a3 Bb7 11. g4 Be7 12. Bh4 h6 13. Bg2 Qc4 14. Qxc4 bxc4 15.
h3 Nc5 16. Rhe1 Rc8 17. f5 Nfd7 18. Nf3 Nb6 19. fxe6 fxe6 20. Bxe7 Kxe7 21. Nh4
Kd7 22. Ng6 Rhd8 23. h4 Kc7 24. g5 hxg5 25. hxg5 Rd7 26. Rf1 Rcd8 27. Bh3 Kb8
28. Rde1 Rc7 29. Nf4 Bc8 30. Bg4 Rh8 31. Rd1 Rh4 32. Rg1 e5 33. Bxc8 Nxc8 34.
Ng6 Rh5 35. Rdf1 Ne6 36. Nd5 Rb7 37. Rf2 Rxg5 38. Rxg5 Nxg5 39. Rf5 Ne6 40. Nb4
Ka7 41. Rh5 Rf7 42. Rh8 Kb7 43. Nd5 Rf1+ 44. Kd2 Rf2+ 45. Kc3 Nd4 46. Rg8 Rxc2+
47. Kb4 Nc6+ 48. Ka4 Nb6+ 49. Nxb6 Kxb6 50. Nf8 Rg2 51. Nd7+ Kc7 52. Nf8 Rg4 53.
Rxg7+ Rxg7 54. Ne6+ Kb6 55. Nxg7 a5 56. b4 axb4 57. axb4 Nd4 58. Ka3 Kc6 59. Nf5
Ne2 60. Kb2 Kb5 61. Ka3 Kc6 62. Kb2 d5 63. Ne7+ Kb5 64. Nxd5 Ng3 65. Ne7 Nxe4
66. Ng6 Kxb4 67. Nxe5 c3+ 68. Kc2 Kc5 69. Nd3+ Kd4 70. Nc1 1/2-1/2

[Event "46th Capablanca Memorial Premier"]
[Site "Havana CUB"]
[Date "2011.05.15"]
[Round "5"]
[White "Almeida Quintana, Omar"]
[Black "Espinosa Veloz, Ermes"]
[Result "1/2-1/2"]
[WhiteTitle "GM"]
[BlackTitle "FM"]
[WhiteElo "2555"]
[BlackElo "2467"]
[WhiteFideId "3503313"]
[BlackFideId "3507424"]
[EventDate "2011.05.11"]

1. d4 Nf6 2. c4 g6 3. Nc3 d5 4. Bf4 Bg7 5. e3 O-O 6. Rc1 c5 7. dxc5 Ne4 8. cxd5
Nxc3 9. bxc3 Qa5 10. Qd2 Nd7 11. f3 Nxc5 12. e4 Bd7 13. h4 h5 14. c4 Qa3 15. Nh3
Rac8 16. Be2 b5 17. O-O b4 18. e5 Bf5 19. Nf2 b3 20. axb3 Nxb3 21. Rc3 Nxd2 22.
Rxa3 Nxf1 23. Kxf1 Ra8 24. g4 Bd7 25. c5 Rfc8 26. c6 Bxc6 27. dxc6 Rxc6 28. Bd3
Re6 29. gxh5 Bxe5 30. Bxe5 Rxe5 31. hxg6 fxg6 32. Be4 Rd8 33. Rxa7 Kf7 34. Kg2
Rh5 35. Kg3 Rdh8 36. Nh3 Rxh4 37. Ng5+ Kf6 38. f4 Rxf4 39. Ra6+ Kxg5 40. Rxg6+
Kh5 41. Kxf4 e5+ 42. Ke3 Rb8 43. Re6 Rb5 44. Bd3 Rd5 45. Be2+ Kg5 46. Ke4 Rc5
47. Bd3 Rc1 48. Kxe5 Rc5+ 49. Kd4 Rc1 50. Rg6+ Kf4 51. Rg8 Ra1 52. Rf8+ Kg5 53.
Be4 Ra3 54. Ke5 Rg3 55. Rh8 Kg4 56. Rh7 Kg5 57. Rg7+ Kh4 1/2-1/2